000 01324nam a22002657a 4500
005 20170124103219.0
010 _aB-052588
020 _c300.00
_a8126010231
035 _aB-052588
037 _bCen Lib/Ret
040 _aDPL
_bHN
082 _a220.21
_bवेदशा
245 _aवेदशास्त्र संग्रह /
_cसम्पादक विश्वबन्धु ; अनुवादक प्रभुदयालु अग्निहोत्री
246 _aVedshastr sangreh /
_bsampadak Vishvbandhu ; anuvadak Prabhudayalu Agnihotri
260 _aनयी दिल्ली
_bसाहित्य अकादेमी
_c2001
270 _bनयी दिल्ली
_aरवीन्द्र भवन, 35, फिरोज़शाह मार्ग
_e110001
300 _a518पृ.
_c20सेमी(सजिल्द)
650 _aहिन्दू -- उपनिषद्
_9117188
650 _aहिन्दू -- वेद शास्त्र
_943989
650 _aHindu - Upanishads
_9100344
650 _aHindu - Veda Shastra
_9100345
700 _aविश्वबन्धु
_943304
700 _aअग्निहोत्री, प्रभुदयालु
_951478
942 _2ddc
_cHN
_h220.21
_mवेदशा
999 _c121697
_d121697